000
00285nam a22001337a 4500
008
180903b xxu||||| |||| 00| 0 eng d
020
_a
9780060891541
041
_a
eng
080
_a
821
100
_a
21
101
_a
GJL
245
_a
On Writing Well
_c
Zinsser, W
942
_2
udc
_c
BK
999
_c
47488
_d
47488